000 00819 a2200181 4500
999 _c5
_d5
020 _a9789956792825
050 _aAM80 AFR 2015
100 _aMawere, Munyaradzi
_eeditor
245 _aAfrican museums in the making :
_breflections on the politics of material and public culture in Zimbabwe /
_cedited by Munyaradzi Mawere, Henry Chiwaura & Thomas Panganayi Thondhlana
264 _aMankon, Cameroon :
_bLangaa Research and Publising,
_c2015
300 _ax, 337p.
_b illustrations, maps ; 23 cm
500 _aIncludes bibliographical references
650 _aMuseums -- Zimbabwe
_x21st century
650 _aCollective memory -- Zimbabwe
_x21st century
650 _aCultural property -- Protection -- Zimbabwe
_x21st century
700 _aChiwaura, Henry
_aThondlana, Thomas Panganayi
_eeditors
942 _2lcc
_cBK
_h80
_iAFR
_kAM